000 01103nam a2200265Ia 4500
003 OSt
005 20220923211306.0
006 a|||||r|||| 00| 0
007 ta
008 220922b |||||||| |||| 00| 0 hin d
020 _a9788179652091 (hbk)
_c450
024 _a289,954
037 _b384, 16/03/2016, Eastern Book Linkers
_cTextual
040 _aARTS
_cARTS
_bhin
041 _2hin
_ahin
082 _aP152:3, Q2
100 _aशर्मा, सतीश, 'जाफराबादी'
_9160182
245 0 _aहिन्दी भाषा का विकासात्मक परिचय और व्याकरणिक स्वरूप
246 _aHindī bhāṣhā kā vikāsātmak parichaya aur vyākaraṇik svarūpa
260 _aनई दिल्ली
_b तक्षशिला प्रकाशन
_c2012
300 _a288पृ.
_ccm.
650 _aहिन्दी भाषा
942 _hP152:3, Q2
_cTEXL
_2CC
999 _c298180
_d298180